Meilleurs Jeux Nintendo - Statistiques

Statistiques générales
  • Ce quiz a été pris 44 fois
  • Le résultat moyen est 5 sur 10
Statistiques - réponses
Top Note Console Réponse % Correct
2 97 Wii Super Mario Galaxy
76%
1 99 Nintendo 64 The Legend of Zelda: Ocarina of Time
73%
6 97 Nintendo Switch Super Mario Odyssey
62%
4 97 Wii U, Nintendo Switch The Legend of Zelda: Breath of the Wild
59%
3 97 Wii Super Mario Galaxy 2
57%
8 96 Wii, Game Cube The Legend of Zelda: Twilight Princess
51%
9 96 Nintendo Switch The Legend of Zelda: Tears of the Kingdom
46%
10 96 Game Cube The Legend of Zelda: The Wind Waker
38%
5 97 Game Cube, Wii, Nintendo Switch Metroid Prime
19%
7 96 Nintendo 64, Nintendo Switch GoldenEye 007
3%
Aucun quiz correspondant
Distribution des résultats
% des personnes avec chaque résultat
Percentile par nombre de réponses
Votre historique - résultats
Vous n’avez pas pris ce quiz